The global age : (Record no. 19546)

MARC details
000 -LEADER
fixed length control field 01304cam a2200349 a 4500
001 - CONTROL NUMBER
control field 2582670
003 - CONTROL NUMBER IDENTIFIER
control field BDDh-ASL
005 - DATE AND TIME OF LATEST TRANSACTION
control field 20231015025804.0
008 - FIXED-LENGTH DATA ELEMENTS--GENERAL INFORMATION
fixed length control field 960827t19971996cau b 001 0 eng d
010 ## - LIBRARY OF CONGRESS CONTROL NUMBER
LC control number 96069671
020 ## - INTERNATIONAL STANDARD BOOK NUMBER
International Standard Book Number 0804728690 (hbk.)
020 ## - INTERNATIONAL STANDARD BOOK NUMBER
International Standard Book Number 0804728704 (pbk.)
035 ## - SYSTEM CONTROL NUMBER
System control number (OCoLC)36586547
040 ## - CATALOGING SOURCE
Original cataloging agency MWiW
Transcribing agency MWiW
Modifying agency BDDh-ASL
-- OCoLC
-- DLC
042 ## - AUTHENTICATION CODE
Authentication code lccopycat
050 00 - LIBRARY OF CONGRESS CALL NUMBER
Classification number H61
Item number .A54 1997
082 00 - DEWEY DECIMAL CLASSIFICATION NUMBER
Classification number 300
Edition number 21
Item number ALG
100 1# - MAIN ENTRY--PERSONAL NAME
Personal name Albrow, Martin.
245 14 - TITLE STATEMENT
Title The global age :
Remainder of title state and society beyond modernity /
Statement of responsibility, etc. Martin Albrow.
260 ## - PUBLICATION, DISTRIBUTION, ETC.
Place of publication, distribution, etc. Stanford, Calif. :
Name of publisher, distributor, etc. Stanford University Press,
Date of publication, distribution, etc. 1997, c1996.
300 ## - PHYSICAL DESCRIPTION
Extent ix, 246 p. ;
Dimensions 24 cm.
500 ## - GENERAL NOTE
General note Originally published: Cambridge, UK : Polity Press, c1996.
504 ## - BIBLIOGRAPHY, ETC. NOTE
Bibliography, etc. note Includes bibliographical references (p. [221]-230) and index.
650 #0 - SUBJECT ADDED ENTRY--TOPICAL TERM
Topical term or geographic name entry element Social sciences
General subdivision Philosophy.
650 #0 - SUBJECT ADDED ENTRY--TOPICAL TERM
Topical term or geographic name entry element International relations.
650 #0 - SUBJECT ADDED ENTRY--TOPICAL TERM
Topical term or geographic name entry element Sociology.
856 42 - ELECTRONIC LOCATION AND ACCESS
Materials specified Contributor biographical information
Uniform Resource Identifier <a href="http://www.loc.gov/catdir/enhancements/fy0710/96069671-b.html">http://www.loc.gov/catdir/enhancements/fy0710/96069671-b.html</a>
856 42 - ELECTRONIC LOCATION AND ACCESS
Materials specified Publisher description
Uniform Resource Identifier <a href="http://www.loc.gov/catdir/enhancements/fy0710/96069671-d.html">http://www.loc.gov/catdir/enhancements/fy0710/96069671-d.html</a>
906 ## - LOCAL DATA ELEMENT F, LDF (RLIN)
a 7
b cbc
c copycat
d 2
e opcn
f 19
g y-gencatlg
942 ## - ADDED ENTRY ELEMENTS (KOHA)
Source of classification or shelving scheme Dewey Decimal Classification
Koha item type Books
Holdings
Withdrawn status Lost status Source of classification or shelving scheme Damaged status Not for loan Collection code Home library Current library Shelving location Date acquired Source of acquisition Total Checkouts Full call number Barcode Date last seen Copy number Price effective from Koha item type Public note
    Dewey Decimal Classification   Not For Loan Non-fiction Asiatic Society Library Asiatic Society Library Ludden Collection 12/13/2020 Donated by Prof. David Ludden   300 ALG 102892 12/13/2020 C-1 12/13/2020 Books RARE

Powered by Koha